<?xml version="1.0" encoding="UTF-8"?>
<record
    xmlns:xsi="http://www.w3.org/2001/XMLSchema-instance"
    xsi:schemaLocation="http://www.loc.gov/MARC21/slim http://www.loc.gov/standards/marcxml/schema/MARC21slim.xsd"
    xmlns="http://www.loc.gov/MARC21/slim">

  <leader>00886nam a2200181Ia 4500</leader>
  <datafield tag="999" ind1=" " ind2=" ">
    <subfield code="c">40611</subfield>
    <subfield code="d">40611</subfield>
  </datafield>
  <controlfield tag="001">7238</controlfield>
  <controlfield tag="003">GE_BSU</controlfield>
  <controlfield tag="005">20230830144529.0</controlfield>
  <controlfield tag="008">181216s2013||||ge |||||||||||||| ||geo||</controlfield>
  <datafield tag="040" ind1=" " ind2=" ">
    <subfield code="c">GE_BSU</subfield>
  </datafield>
  <datafield tag="041" ind1=" " ind2=" ">
    <subfield code="a">geo</subfield>
  </datafield>
  <datafield tag="080" ind1=" " ind2=" ">
    <subfield code="a">340 &#x10E1;-32</subfield>
  </datafield>
  <datafield tag="245" ind1=" " ind2=" ">
    <subfield code="a">&#x10E1;&#x10D0;&#x10E5;&#x10D0;&#x10E0;&#x10D7;&#x10D5;&#x10D4;&#x10DA;&#x10DD;&#x10E1; &#x10D8;&#x10E3;&#x10E1;&#x10E2;&#x10D8;&#x10EA;&#x10D8;&#x10D8;&#x10E1; &#x10E3;&#x10DB;&#x10D0;&#x10E6;&#x10DA;&#x10D4;&#x10E1;&#x10D8; &#x10E1;&#x10D0;&#x10D1;&#x10ED;&#x10DD;&#x10E1; &#x10DB;&#x10DD;&#x10DC;&#x10D8;&#x10E2;&#x10DD;&#x10E0;&#x10D8;&#x10DC;&#x10D2;&#x10D8;&#x10E1; &#x10D0;&#x10DC;&#x10D2;&#x10D0;&#x10E0;&#x10D8;&#x10E8;&#x10D8; : </subfield>
    <subfield code="b">&#x10D7;&#x10D4;&#x10D1;&#x10D4;&#x10E0;&#x10D5;&#x10D0;&#x10DA;&#x10D8; 2013.</subfield>
  </datafield>
  <datafield tag="264" ind1=" " ind2=" ">
    <subfield code="a">&#x10D7;&#x10D1;&#x10D8;&#x10DA;&#x10D8;&#x10E1;&#x10D8; :</subfield>
    <subfield code="b">&#x10E1;&#x10D0;&#x10D4;&#x10E0;&#x10D7;&#x10D0;&#x10E8;&#x10DD;&#x10E0;&#x10D8;&#x10E1;&#x10DD; &#x10D2;&#x10D0;&#x10DB;&#x10ED;&#x10D5;&#x10D8;&#x10E0;&#x10D5;&#x10D0;&#x10DA;&#x10DD;&#x10D1;&#x10D0;-&#x10E1;&#x10D0;&#x10E5;&#x10D0;&#x10E0;&#x10D7;&#x10D5;&#x10D4;&#x10DA;&#x10DD;,</subfield>
    <subfield code="c">2013.</subfield>
  </datafield>
  <datafield tag="300" ind1=" " ind2=" ">
    <subfield code="a">25 &#x10D2;&#x10D5;. :</subfield>
    <subfield code="b">&#x10EA;&#x10EE;&#x10E0;. ; </subfield>
    <subfield code="c">29 &#x10E1;&#x10DB;.</subfield>
  </datafield>
  <datafield tag="653" ind1=" " ind2=" ">
    <subfield code="a">&#x10E1;&#x10D0;&#x10E5;&#x10D0;&#x10E0;&#x10D7;&#x10D5;&#x10D4;&#x10DA;&#x10DD;&#x10E1; &#x10D8;&#x10E3;&#x10E1;&#x10E2;&#x10D8;&#x10EA;&#x10D8;&#x10D8;&#x10E1; &#x10E3;&#x10DB;&#x10D0;&#x10E6;&#x10DA;&#x10D4;&#x10E1;&#x10D8; &#x10E1;&#x10D0;&#x10D1;&#x10ED;&#x10DD;&#x10E1; &#x10DB;&#x10DD;&#x10DC;&#x10D8;&#x10E2;&#x10DD;&#x10E0;&#x10D8;&#x10DC;&#x10D2;&#x10D8;&#x10E1; &#x10D0;&#x10DC;&#x10D2;&#x10D0;&#x10E0;&#x10D8;&#x10E8;&#x10D8;</subfield>
  </datafield>
  <datafield tag="942" ind1=" " ind2=" ">
    <subfield code="c">BK</subfield>
    <subfield code="2">udc</subfield>
  </datafield>
  <datafield tag="952" ind1=" " ind2=" ">
    <subfield code="0">0</subfield>
    <subfield code="1">0</subfield>
    <subfield code="2">udc</subfield>
    <subfield code="4">0</subfield>
    <subfield code="6">340_&#x10E1;32</subfield>
    <subfield code="7">0</subfield>
    <subfield code="9">45718</subfield>
    <subfield code="a">CPL</subfield>
    <subfield code="b">CPL</subfield>
    <subfield code="c">GEN</subfield>
    <subfield code="d">2018-12-17</subfield>
    <subfield code="o">340 &#x10E1;-32</subfield>
    <subfield code="p">22543</subfield>
    <subfield code="r">2018-12-17</subfield>
    <subfield code="t">22543</subfield>
    <subfield code="w">2018-12-17</subfield>
    <subfield code="y">BK</subfield>
  </datafield>
  <datafield tag="952" ind1=" " ind2=" ">
    <subfield code="0">0</subfield>
    <subfield code="1">0</subfield>
    <subfield code="2">udc</subfield>
    <subfield code="4">0</subfield>
    <subfield code="6">340_&#x10E1;32</subfield>
    <subfield code="7">0</subfield>
    <subfield code="9">45719</subfield>
    <subfield code="a">CPL</subfield>
    <subfield code="b">CPL</subfield>
    <subfield code="c">GEN</subfield>
    <subfield code="d">2018-12-17</subfield>
    <subfield code="o">340 &#x10E1;-32</subfield>
    <subfield code="p">22544</subfield>
    <subfield code="r">2018-12-17</subfield>
    <subfield code="t">22544</subfield>
    <subfield code="w">2018-12-17</subfield>
    <subfield code="y">BK</subfield>
  </datafield>
  <datafield tag="952" ind1=" " ind2=" ">
    <subfield code="0">0</subfield>
    <subfield code="1">0</subfield>
    <subfield code="2">udc</subfield>
    <subfield code="4">0</subfield>
    <subfield code="6">340_&#x10E1;32</subfield>
    <subfield code="7">0</subfield>
    <subfield code="9">45720</subfield>
    <subfield code="a">CPL</subfield>
    <subfield code="b">CPL</subfield>
    <subfield code="c">GEN</subfield>
    <subfield code="d">2018-12-17</subfield>
    <subfield code="o">340 &#x10E1;-32</subfield>
    <subfield code="p">22545</subfield>
    <subfield code="r">2018-12-17</subfield>
    <subfield code="t">22545</subfield>
    <subfield code="w">2018-12-17</subfield>
    <subfield code="y">BK</subfield>
  </datafield>
</record>
